[Event "69th ch-RUS HL 2016"]
[Site "Kolomna RUS"]
[Date "2016.06.28"]
[Round "6.26"]
[White "Khegay, Dmitriy"]
[Black "Savchenko, Boris"]
[Result "1-0"]
[WhiteTitle "FM"]
[BlackTitle "GM"]
[WhiteElo "2434"]
[BlackElo "2633"]
[WhiteFideId "24153729"]
[BlackFideId "4147332"]
[EventDate "2016.06.22"]

1. d4 Nf6 2. c4 g6 3. Nf3 Bg7 4. g3 d5 5. cxd5 Nxd5 6. Bg2 Nb6 7. O-O Nc6 8. e3
e5 9. Nc3 O-O 10. d5 Na5 11. Qc2 Bg4 12. Nd2 Qd7 13. b4 Nac4 14. Nxc4 Nxc4 15.
Ne4 Nd6 16. Nc5 Qc8 17. Bb2 a5 18. bxa5 Rxa5 19. Rfc1 Bh3 20. Bh1 b6 21. Ne4 Bf5
22. Nxd6 cxd6 23. Qd2 Qa6 24. e4 Bg4 25. Bc3 Ra4 26. Bg2 Ra8 27. h3 Bd7 28. a3
Rxa3 29. Rxa3 Qxa3 30. Ra1 Qxa1+ 31. Bxa1 Rxa1+ 32. Kh2 Bf6 33. Qb4 Be7 34. Qxb6
Ra8 35. Qb7 Rd8 36. Bf1 Kf8 37. Qb6 f5 38. Ba6 fxe4 39. Bb7 Ba4 40. Bc6 Bd1 41.
h4 Bf3 42. Qb7 Kf7 43. Bd7 h5 44. Be6+ Kf6 45. Bh3 Kf7 46. Bg2 Kf6 47. Qa7 Rf8
48. Bh3 Rd8 49. Kg1 Kf7 50. Bg2 Bxg2 51. Kxg2 g5 52. hxg5 Rg8 53. Qe3 Bxg5 54.
Qxe4 Kg7 55. Qf5 Kh6 56. Kh3 Rg6 57. Qf8+ Kh7 58. Qf7+ Rg7 59. Qxh5+ Kg8 60.
Qe8+ Kh7 61. Qe6 Be7 62. Kg2 Bf8 63. Kf3 Re7 64. Qf5+ Kg7 65. Ke4 Rf7 66. Qg4+
Kf6 67. f3 Rc7 68. Qe6+ Kg7 69. Kd3 Be7 70. f4 exf4 71. gxf4 Ra7 72. f5 Ra3+ 73.
Kc4 Bf6 74. Qd7+ Kf8 75. Qxd6+ Be7 76. Qh6+ Ke8 77. d6 Ra4+ 78. Kb5 Re4 79. d7+
Kf7 80. Qg6+ Kf8 81. Qe8+ 1-0

[Event "69th ch-RUS HL 2016"]
[Site "Kolomna RUS"]
[Date "2016.06.28"]
[Round "6.27"]
[White "Cherniaev, Alexander"]
[Black "Oganian, Miran"]
[Result "1/2-1/2"]
[WhiteTitle "GM"]
[BlackTitle "IM"]
[WhiteElo "2451"]
[BlackElo "2433"]
[WhiteFideId "4117301"]
[BlackFideId "4122488"]
[EventDate "2016.06.22"]

1. e4 c5 2. Nc3 d6 3. f4 g6 4. Nf3 Bg7 5. Bb5+ Bd7 6. Bc4 Nc6 7. a3 e6 8. O-O
Nge7 9. d3 O-O 10. Ba2 Nd4 11. Nxd4 cxd4 12. Ne2 Ba4 13. Kh1 Rc8 14. b3 Bd7 15.
Bd2 Qb6 16. Rc1 Qa6 17. Bb4 Rfd8 18. Ra1 Qc6 19. Rc1 Qa6 20. Ra1 b5 21. Be1 d5
22. Bh4 Qxa3 23. b4 Qxb4 24. exd5 exd5 25. Bxe7 Qxe7 26. Bxd5 Bg4 27. Bf3 Bxf3
28. Rxf3 Qc7 29. Ra2 a5 30. f5 Be5 31. Qe1 Re8 32. Qf2 a4 33. Ng3 Bxg3 34. hxg3
Qc3 35. Kh2 Rcd8 36. fxg6 fxg6 37. Rf7 Rf8 38. Qf6 Rxf7 39. Qxd8+ Kg7 40. Qd5
Rf5 41. Qd7+ Kh6 42. g4 Rg5 43. Kh3 Re5 44. Qd8 Qc5 45. Ra1 Re3+ 46. g3 Qe5 47.
Rg1 Rf3 48. Qd7 a3 49. g5+ Qxg5 50. Qxd4 Qe3 51. Qxe3+ Rxe3 52. Rb1 Re2 53. Rxb5
Rxc2 54. Ra5 a2 55. d4 Rd2 56. d5 Kg5 57. d6+ Kf6 58. d7 Ke7 59. Ra7 Kd8 60. g4
h6 61. Kg3 Rc2 62. Kh3 Rc3+ 63. Kg2 Rc2+ 64. Kg3 Ke7 65. Kh3 Rd2 66. Kg3 Kf6 67.
Rxa2 Rxd7 68. Ra6+ Kf7 69. Ra3 Re7 70. Rb3 Kf6 71. Rf3+ Kg5 72. Ra3 Re5 73. Rb3
Ra5 74. Rc3 Rb5 75. Ra3 1/2-1/2

[Event "69th ch-RUS HL 2016"]
[Site "Kolomna RUS"]
[Date "2016.06.28"]
[Round "6.28"]
[White "Korniushin, Nikolay"]
[Black "Truskavetsky, Alexandr"]
[Result "1-0"]
[WhiteTitle "IM"]
[BlackTitle "IM"]
[WhiteElo "2348"]
[BlackElo "2389"]
[WhiteFideId "4123808"]
[BlackFideId "14108577"]
[EventDate "2016.06.22"]

1. d4 Nf6 2. c4 e6 3. g3 d5 4. Bg2 Be7 5. Nf3 O-O 6. O-O dxc4 7. Qc2 a6 8. a4
Bd7 9. Qxc4 Bc6 10. Bg5 h6 11. Bxf6 Bxf6 12. Nc3 Nd7 13. e4 Nb6 14. Qd3 a5 15.
Rfd1 Qe8 16. b3 e5 17. d5 Bd7 18. Nb5 Qb8 19. Qe3 Bxb5 20. axb5 Nc8 21. Rdc1 Nd6
22. Bf1 b6 23. Rc6 Re8 24. Rac1 Ra7 25. h4 Qd8 26. Nd2 Re7 27. Qc3 Qd7 28. Kh2
Qd8 29. f3 Kh7 30. Bd3 Rd7 31. Nf1 g6 32. Kg2 Bg7 33. Ne3 Qf8 34. Qe1 Qe7 35.
Qh1 Nb7 36. h5 Nc5 37. Bc2 Qg5 38. Kf2 Ra8 39. Rd1 Rad8 40. Qh3 Bf8 41. Qg4 Qxg4
42. Nxg4 Bg7 43. f4 gxh5 44. Nxe5 Bxe5 45. fxe5 Re8 46. d6 cxd6 47. exd6 Rb7 48.
Kf3 Kg7 49. Rd5 Ne6 50. Rxh5 Ng5+ 51. Kf4 Rd7 52. e5 Rf8 53. Bf5 Rb7 54. Rh2 Re8
55. Rd2 Rd8 56. Rc7 Rbb8 57. e6 Kf6 58. e7 Re8 59. Rc6 Rg8 60. d7+ Kxe7 61. Re2+
Ne6+ 62. Bxe6 fxe6 63. Rexe6+ Kxd7 64. Red6+ Ke7 65. Re6+ Kd7 66. Rxh6 Rbf8+ 67.
Rcf6 Rxf6+ 68. Rxf6 Kc7 69. g4 Rd8 70. Ke4 Re8+ 71. Kf4 Rd8 72. Rc6+ Kb7 73. Rc3
Rd4+ 74. Kf5 Rb4 75. g5 Rxb5+ 76. Kf6 Rb4 77. g6 Rg4 78. g7 Ka6 79. Rc4 Rg3 80.
Rf4 1-0

[Event "69th ch-RUS HL 2016"]
[Site "Kolomna RUS"]
[Date "2016.06.28"]
[Round "6.29"]
[White "Kurbedinov, Ramis"]
[Black "Yanchenko, Roman"]
[Result "0-1"]
[WhiteTitle "IM"]
[BlackTitle "FM"]
[WhiteElo "2327"]
[BlackElo "2414"]
[WhiteFideId "14200619"]
[BlackFideId "4137329"]
[EventDate "2016.06.22"]

1. d4 Nf6 2. c4 e6 3. Nf3 Bb4+ 4. Bd2 Be7 5. Bg5 d5 6. Nc3 c6 7. e3 Nbd7 8. Qc2
h6 9. Bh4 O-O 10. cxd5 cxd5 11. Bd3 Nb8 12. O-O Nc6 13. a3 Bd7 14. b4 Rc8 15.
Qb3 Ne8 16. Bg3 Bd6 17. e4 Bxg3 18. hxg3 dxe4 19. Nxe4 Nf6 20. Rfd1 Qe7 21. b5
Nb8 22. Nxf6+ Qxf6 23. Be4 b6 24. Rac1 Rfd8 25. Qb4 Be8 26. Ne5 Qg5 27. Rxc8
Rxc8 28. a4 Qd8 29. d5 exd5 30. Bxd5 Qf6 31. Re1 a6 32. Bb7 a5 33. Qe4 Rc7 34.
Ng4 Qe6 35. Qxe6 fxe6 36. Bd5 Bf7 37. Bxe6 Nd7 38. Bxf7+ Kxf7 39. Rd1 Ke6 40.
Ne3 Nf6 41. Rd4 Rc1+ 42. Kh2 Ra1 43. g4 Ke5 44. Rc4 Ne4 45. f4+ Kxf4 46. Nd5+
Ke5 47. Nxb6 Nd2 48. Rc5+ Kf4 49. Nd5+ Kxg4 50. Ne3+ Kf4 51. Rc3 Ne4 52. Rb3 Nc5
53. b6 Rxa4 54. Rc3 Nb7 55. Nc2 Ra2 56. Rc4+ Ke5 57. Rc7 Nd6 58. Ne3 Rb2 59.
Rxg7 Rxb6 60. Ra7 Rb5 61. Kg3 h5 62. Kf3 Kd4 63. Rd7 Kc5 64. Ra7 Kb4 65. Nc2+
Kc3 66. Rc7+ Kb2 67. Nd4 Rd5 68. Nc2 a4 69. Ne3 Rd4 70. Rc6 a3 71. Rb6+ Kc3 72.
Ra6 Nb5 73. Ra5 Kb4 74. Ra8 Rd2 75. Nf1 Rc2 76. Ne3 Rc5 77. g4 hxg4+ 78. Kxg4
Kb3 0-1

[Event "69th ch-RUS HL 2016"]
[Site "Kolomna RUS"]
[Date "2016.06.28"]
[Round "6.30"]
[White "Rodin, Dmitrij"]
[Black "Bykov, Egor"]
[Result "1-0"]
[WhiteTitle "FM"]
[BlackTitle "FM"]
[WhiteElo "2371"]
[BlackElo "2341"]
[WhiteFideId "4127412"]
[BlackFideId "34115290"]
[EventDate "2016.06.22"]

1. e4 e6 2. d4 d5 3. Nd2 Nc6 4. Ngf3 Nf6 5. e5 Nd7 6. Be2 f6 7. exf6 Qxf6 8. Nf1
Bd6 9. Ne3 O-O 10. O-O Qg6 11. c4 Nf6 12. c5 Bf4 13. Nc2 e5 14. Nxe5 Bxe5 15.
dxe5 Nxe5 16. Bf4 Re8 17. Ne3 c6 18. Re1 Neg4 19. Bd3 Qh5 20. h3 Nxe3 21. Qxh5
Nxh5 22. Bxe3 g6 23. g4 Ng7 24. b4 Bd7 25. Kg2 Kf7 26. Kg3 Re7 27. Bg5 Rxe1 28.
Rxe1 Ne6 29. Bd2 a5 30. bxa5 Nxc5 31. Bc2 Ne6 32. f4 Nd4 33. Bb3 Re8 34. Rxe8
Bxe8 35. Be3 Ne6 36. f5 gxf5 37. gxf5 Nf8 38. Kf4 Nd7 39. Ba4 Nf6 40. Ke5 Ne4
41. Bc2 Ke7 42. Bxe4 dxe4 43. Bc5+ Kd7 44. Kf6 h5 45. h4 e3 46. Bxe3 Kd6 47.
Bf4+ Kd7 48. Bc1 c5 49. Ba3 c4 50. Bb4 Kd8 51. Kg7 Kd7 52. Kf8 Kd8 53. f6 1-0

[Event "69th ch-RUS HL 2016"]
[Site "Kolomna RUS"]
[Date "2016.06.29"]
[Round "7.1"]
[White "Oparin, Grigoriy"]
[Black "Kokarev, Dmitry"]
[Result "1/2-1/2"]
[WhiteTitle "GM"]
[BlackTitle "GM"]
[WhiteElo "2597"]
[BlackElo "2624"]
[WhiteFideId "24125890"]
[BlackFideId "4132181"]
[EventDate "2016.06.22"]

1. e4 c5 2. Nf3 d6 3. d4 cxd4 4. Nxd4 Nf6 5. Nc3 a6 6. Nb3 Nc6 7. Be3 Ng4 8. Bd2
Nf6 9. Bd3 g6 10. Bg5 Bg7 11. Qd2 h6 12. Bh4 g5 13. Bg3 Nh5 14. O-O-O Na5 15.
Nd5 Nxb3+ 16. axb3 b5 17. Be2 Nxg3 18. hxg3 Bb7 19. f4 e6 20. Nc3 Rc8 21. Kb1 b4
22. Na4 Bxe4 23. Bd3 Bc6 24. Qxb4 Rb8 25. Qa3 O-O 26. Nc3 Bxg2 27. Rhe1 a5 28.
f5 Bh3 29. fxe6 Bxe6 30. Be4 Rb4 31. Bd5 Re8 32. Bc6 Re7 33. Nd5 Bxd5 34. Bxd5
Rd4 35. Rf1 Qb6 36. c3 Rxd1+ 37. Rxd1 Qf2 38. Bc4 Qxg3 39. Qxa5 g4 40. Qf5 Qf3 1/2-1/2

[Event "69th ch-RUS HL 2016"]
[Site "Kolomna RUS"]
[Date "2016.06.29"]
[Round "7.2"]
[White "Goganov, Aleksey"]
[Black "Fedoseev, Vladimir3"]
[Result "1/2-1/2"]
[WhiteTitle "GM"]
[BlackTitle "GM"]
[WhiteElo "2620"]
[BlackElo "2665"]
[WhiteFideId "24109959"]
[BlackFideId "24130737"]
[EventDate "2016.06.22"]

1. d4 Nf6 2. c4 e6 3. Nc3 Bb4 4. e3 O-O 5. Bd3 d5 6. Nf3 c5 7. O-O dxc4 8. Bxc4
Nc6 9. a3 cxd4 10. exd4 Bxc3 11. bxc3 Qc7 12. Bg5 Ne7 13. Ne5 Ng6 14. Qe2 b6 15.
Bxf6 gxf6 16. Ng4 Kg7 17. Qe3 Qf4 18. Qxf4 Nxf4 19. g3 e5 20. Ne3 Nh3+ 21. Kh1
exd4 22. cxd4 Re8 23. Bd5 Rb8 24. Kg2 Ng5 25. g4 h5 26. h3 Rd8 27. f3 Ne6 28.
Bxe6 fxe6 29. Rfd1 Bb7 30. Kg3 Rd7 31. Ng2 Kf7 32. Nf4 h4+ 33. Kxh4 Bxf3 34. Rf1
Be4 35. Rac1 Ke7 36. d5 exd5 37. Rc6 Rd6 38. Rc7+ Rd7 39. Rxd7+ Kxd7 40. Nh5 Bc2
41. Rf2 Rc8 42. Nxf6+ Ke6 43. Kg5 d4 44. Re2+ Kf7 45. Nd7 d3 46. Ne5+ Kg7 47.
Rd2 Rc3 48. h4 Rxa3 49. h5 Ra5 50. h6+ Kh7 51. Kf6 b5 52. g5 Ra6+ 53. Kf7 b4 54.
Rh2 d2 55. Rxd2 b3 56. Rd7 b2 57. Kf8+ Kh8 58. Nf7+ Kh7 59. Ne5+ Kh8 60. Nf7+ 1/2-1/2

[Event "69th ch-RUS HL 2016"]
[Site "Kolomna RUS"]
[Date "2016.06.29"]
[Round "7.3"]
[White "Alekseev, Evgeny"]
[Black "Matlakov, Maxim"]
[Result "1/2-1/2"]
[WhiteTitle "GM"]
[BlackTitle "GM"]
[WhiteElo "2626"]
[BlackElo "2691"]
[WhiteFideId "4138147"]
[BlackFideId "4168003"]
[EventDate "2016.06.22"]

1. Nf3 d5 2. e3 Nf6 3. c4 e6 4. b3 Be7 5. Bb2 O-O 6. Be2 c5 7. cxd5 Nxd5 8. Nc3
Nc6 9. O-O b6 10. Nxd5 Qxd5 11. d4 Rd8 12. dxc5 Qxc5 13. Qb1 Bb7 14. Rc1 Qd5 15.
Rd1 Qa5 16. a3 Ba6 17. b4 Qa4 18. Rxd8+ Rxd8 19. Bd1 Qb5 20. Bc2 h6 21. Bh7+ Kh8
22. Be4 Qc4 23. a4 Bxb4 24. Bxc6 Qxc6 25. Bxg7+ Kxg7 26. Qxb4 Bb7 27. Qg4+ Kh7
28. Ng5+ hxg5 29. Qh5+ Kg7 30. Qxg5+ Kh7 31. Qh5+ Kg7 32. Qg5+ Kh7 33. Qh5+ Kg7 1/2-1/2

[Event "69th ch-RUS HL 2016"]
[Site "Kolomna RUS"]
[Date "2016.06.29"]
[Round "7.4"]
[White "Zvjaginsev, Vadim"]
[Black "Timofeev, Artyom"]
[Result "1-0"]
[WhiteTitle "GM"]
[BlackTitle "GM"]
[WhiteElo "2677"]
[BlackElo "2586"]
[WhiteFideId "4113403"]
[BlackFideId "4140419"]
[EventDate "2016.06.22"]

1. e4 c5 2. Nc3 Nc6 3. Bb5 Nd4 4. Nf3 e6 5. O-O Ne7 6. Nxd4 cxd4 7. Ne2 a6 8.
Bd3 d5 9. Re1 Nc6 10. exd5 Qxd5 11. Ng3 Be7 12. b3 O-O 13. Bb2 Bd7 14. c3 Rad8
15. cxd4 Nxd4 16. Be4 Qd6 17. Bxb7 Bb5 18. Be4 g6 19. a4 Be8 20. Ne2 Nc6 21. Qc1
Qxd2 22. Qxd2 Rxd2 23. Bc1 Rd8 24. Bh6 Na5 25. Rab1 f5 26. Bxf8 Kxf8 27. Nf4 Bf7
28. Bf3 Rd6 29. Re5 Nc6 30. Bxc6 Rxc6 31. Rbe1 Bb4 32. Nxe6+ Kg8 33. Nd8 Rc2 34.
Nxf7 Bxe1 35. Nh6+ Kg7 36. Nxf5+ gxf5 37. Rxe1 Rb2 38. g3 f4 39. gxf4 Kf6 40.
Re3 Kf5 41. Rf3 1-0

[Event "69th ch-RUS HL 2016"]
[Site "Kolomna RUS"]
[Date "2016.06.29"]
[Round "7.5"]
[White "Riazantsev, Alexander"]
[Black "Kryakvin, Dmitry"]
[Result "1-0"]
[WhiteTitle "GM"]
[BlackTitle "GM"]
[WhiteElo "2646"]
[BlackElo "2547"]
[WhiteFideId "4125029"]
[BlackFideId "4153278"]
[EventDate "2016.06.22"]

1. d4 Nf6 2. c4 g6 3. Nc3 Bg7 4. e4 O-O 5. Be3 d6 6. Be2 Na6 7. Qd2 e5 8. d5 Bd7
9. f3 Nh5 10. O-O-O f5 11. exf5 gxf5 12. Nh3 f4 13. Bf2 Nf6 14. Ng5 Ng4 15. Ne6
Bxe6 16. fxg4 Bd7 17. Ne4 c5 18. dxc6 Bxc6 19. Bf3 Nc5 20. Bxc5 dxc5 21. Rhe1
Qe7 22. Qd6 Rfe8 23. Qxc5 Qxc5 24. Nxc5 Bxf3 25. gxf3 Rec8 26. Ne4 Rxc4+ 27. Kb1
Rd4 28. Rxd4 exd4 29. Nc5 h5 30. g5 h4 31. Re4 Rd8 32. Nd3 Rd5 33. g6 Bh6 34.
Kc2 Kg7 35. Nxf4 Rf5 36. Ne6+ Kxg6 37. Nxd4 Rc5+ 38. Kd3 Bg5 39. Rg4 Kf6 40. f4
Bh6 41. Rxh4 Bg7 42. Rg4 Ra5 43. a3 Kf7 44. Rg5 Ra6 45. Rb5 Rd6 46. Rxb7+ Kg8
47. Rb4 a5 48. Rc4 Rb6 49. b4 axb4 50. axb4 1-0

[Event "69th ch-RUS HL 2016"]
[Site "Kolomna RUS"]
[Date "2016.06.29"]
[Round "7.6"]
[White "Ponkratov, Pavel"]
[Black "Romanov, Evgeny"]
[Result "1-0"]
[WhiteTitle "GM"]
[BlackTitle "GM"]
[WhiteElo "2573"]
[BlackElo "2642"]
[WhiteFideId "4157800"]
[BlackFideId "4148843"]
[EventDate "2016.06.22"]

1. g3 e5 2. c4 d6 3. Bg2 f5 4. d4 Nf6 5. Nc3 e4 6. f3 exf3 7. Nxf3 Be7 8. O-O
O-O 9. d5 Na6 10. Nd4 Ng4 11. Bh3 Qe8 12. e4 Qh5 13. Bxg4 fxg4 14. Rxf8+ Bxf8
15. a3 Bd7 16. b4 Re8 17. Be3 Nb8 18. Nde2 a6 19. Nf4 Qf7 20. Qd2 g5 21. Nd3 Bg7
22. Bxg5 Qf3 23. e5 Qf5 24. Rf1 Qg6 25. Bf6 dxe5 26. Bxg7 Kxg7 27. Re1 Bf5 28.
Rxe5 Nd7 29. Rxe8 Qxe8 30. Qg5+ Bg6 31. Kf2 Qf7+ 32. Nf4 Qf6 33. Qxf6+ Kxf6 34.
Ne6 Ke5 35. c5 c6 36. dxc6 bxc6 37. Nd8 Kd4 38. Ne2+ Kc4 39. Nxc6 Kb3 40. Ne7
Kxa3 41. c6 Nb6 42. c7 Bf7 43. Nf4 Bc4 44. Ke1 Ka4 45. Kd2 Kb3 46. Nfd5 Nc8 47.
Nxc8 Bxd5 48. Nd6 Be6 49. b5 1-0

[Event "69th ch-RUS HL 2016"]
[Site "Kolomna RUS"]
[Date "2016.06.29"]
[Round "7.8"]
[White "Sjugirov, Sanan"]
[Black "Chigaev, Maksim"]
[Result "1-0"]
[WhiteTitle "GM"]
[BlackTitle "IM"]
[WhiteElo "2665"]
[BlackElo "2542"]
[WhiteFideId "4189302"]
[BlackFideId "4108116"]
[EventDate "2016.06.22"]

1. Nf3 g6 2. d4 Bg7 3. c4 Nf6 4. g3 c5 5. Bg2 O-O 6. Nc3 d6 7. O-O Nc6 8. d5 Na5
9. Nd2 a6 10. Qc2 Rb8 11. Rb1 b5 12. b3 Bf5 13. e4 Bd7 14. h3 e6 15. Bb2 bxc4
16. bxc4 exd5 17. cxd5 Re8 18. Rfe1 Nh5 19. Nd1 Bd4 20. Nf3 Bxb2 21. Rxb2 Rb4
22. Rxb4 cxb4 23. Ne3 Qb6 24. Qd3 Nf6 25. Nd4 Qc5 26. Rb1 Bb5 27. Nxb5 axb5 28.
Nc2 Nc4 29. Nxb4 Ra8 30. Qc3 Nd7 31. Bf1 Nde5 32. Rb3 Ra4 33. Kg2 Na5 34. Na6
Qxc3 35. Rxc3 Rxa2 36. Bxb5 Rb2 37. Bf1 g5 38. Nc7 g4 39. hxg4 Nxg4 40. Rf3 Nb3
41. Ne8 Nd2 42. Rf4 h5 43. Be2 1-0

[Event "69th ch-RUS HL 2016"]
[Site "Kolomna RUS"]
[Date "2016.06.29"]
[Round "7.9"]
[White "Shaposhnikov, Evgeny"]
[Black "Lysyj, Igor"]
[Result "0-1"]
[WhiteTitle "GM"]
[BlackTitle "GM"]
[WhiteElo "2545"]
[BlackElo "2663"]
[WhiteFideId "4122232"]
[BlackFideId "4150120"]
[EventDate "2016.06.22"]

1. e4 e6 2. d4 d5 3. Nc3 Nf6 4. Bg5 dxe4 5. Nxe4 Be7 6. Bxf6 Bxf6 7. Nf3 O-O 8.
g3 Nc6 9. c3 e5 10. d5 Ne7 11. Bc4 Nf5 12. O-O Nd6 13. Nfd2 Be7 14. Bb3 Nxe4 15.
Nxe4 Kh8 16. Qe2 Bh3 17. Rfe1 f5 18. Nd2 e4 19. Qe3 Bg5 20. Qe2 Bg4 21. f3 exf3
22. Nxf3 f4 23. Qe4 Bxf3 24. Qxf3 fxg3 25. Qg2 gxh2+ 26. Qxh2 Rf4 27. Qg2 Be7
28. Qg3 Bd6 0-1

[Event "69th ch-RUS HL 2016"]
[Site "Kolomna RUS"]
[Date "2016.06.29"]
[Round "7.10"]
[White "Rakhmanov, Aleksandr"]
[Black "Lobanov, Sergei"]
[Result "1/2-1/2"]
[WhiteTitle "GM"]
[WhiteElo "2655"]
[BlackElo "2433"]
[WhiteFideId "4173708"]
[BlackFideId "24183750"]
[EventDate "2016.06.22"]

1. d4 Nf6 2. Nf3 e6 3. e3 c5 4. Bd3 b6 5. O-O Bb7 6. c4 Be7 7. Nc3 O-O 8. d5
exd5 9. cxd5 d6 10. e4 Nbd7 11. h3 a6 12. Bf4 b5 13. a3 Qc7 14. Rc1 Ne5 15. Bb1
Nfd7 16. b4 Rac8 17. Nd2 a5 18. Ne2 Qb8 19. bxa5 Bd8 20. a4 Ba6 21. axb5 Qxb5
22. Ng3 Qxa5 23. Re1 g6 24. Nf3 Nxf3+ 25. gxf3 Ne5 26. Kg2 c4 27. Bc2 Be7 28.
Ra1 Qb6 29. Be3 Qb7 30. Bd4 Nd3 31. Rg1 Bg5 32. Ra3 Ra8 33. Bxd3 cxd3 34. f4
Bxf4 35. Qf3 Bxg3 36. Kxg3 f5 37. Kh2 Qf7 38. exf5 Qxf5 39. Qxf5 Rxf5 40. Rga1
d2 41. Rd1 Bb7 42. Rxa8+ Bxa8 43. Rxd2 Bxd5 44. Be3 g5 45. Rd4 Kf7 46. f4 gxf4
47. Rxf4 1/2-1/2

[Event "69th ch-RUS HL 2016"]
[Site "Kolomna RUS"]
[Date "2016.06.29"]
[Round "7.11"]
[White "Vavulin, Maksim"]
[Black "Khairullin, Ildar"]
[Result "1/2-1/2"]
[WhiteTitle "IM"]
[BlackTitle "GM"]
[WhiteElo "2507"]
[BlackElo "2629"]
[WhiteFideId "4169530"]
[BlackFideId "4151348"]
[EventDate "2016.06.22"]

1. e4 c6 2. d3 d5 3. Qe2 g6 4. g3 Bg7 5. Bg2 e5 6. Nc3 Ne7 7. Nf3 d4 8. Nb1 c5
9. a4 h6 10. O-O Be6 11. Na3 Nbc6 12. Nd2 O-O 13. Ndc4 Qd7 14. f4 f5 15. Bd2
fxe4 16. Bxe4 Bg4 17. Bf3 Bh3 18. Bg2 Bg4 19. Qe4 Bf5 20. Qe1 exf4 21. Bxf4 Rf6
22. Qd2 Kh7 23. Nb5 Be6 24. Rfe1 Bd5 25. Be5 Nxe5 26. Nxe5 Qd8 27. Be4 a6 28.
Na3 Re6 29. Nf3 Bxe4 30. Rxe4 Rxe4 31. dxe4 b5 32. Rf1 Qb6 33. Nh4 Re8 34. axb5
axb5 35. Qf4 c4 36. Kg2 Rf8 37. Qd2 Rxf1 38. Kxf1 Qf6+ 39. Qf4 Qa6 40. Qf7 c3
41. Qxe7 b4+ 42. Ke1 bxa3 43. Qxa3 Qb7 44. bxc3 Qxe4+ 45. Kd1 Qh1+ 46. Ke2 Qxh2+
47. Kf3 dxc3 48. Qa4 Qh1+ 49. Ke3 Qe1+ 50. Kf3 Qd1+ 51. Ke3 Be5 52. Qa7+ Kg8 53.
Qa8+ Kg7 54. Qb7+ Kf6 55. Qc6+ Qd6 56. Qxd6+ Bxd6 57. Kf3 h5 58. Ng2 g5 59. Ne1
g4+ 60. Kf2 Ke5 61. Nd3+ Ke4 62. Nc1 Bc5+ 63. Ke2 Ba3 64. Nd3 Bd6 65. Kf2 Kd4
66. Nc1 Kc4 67. Nd3 Kb5 68. Nc1 Kb4 69. Na2+ Kc4 70. Nc1 Bc7 71. Nd3 Kb5 72. Nc1
Bd6 73. Ne2 Bc5+ 74. Ke1 Kc4 75. Nc1 Be3 76. Nd3 Kb5 77. Ke2 Bd2 78. Nf2 Bh6 79.
Kd3 Kb4 80. Ke4 Ka3 81. Nd1 Bd2 82. Kf5 Kb4 83. Nf2 Kc4 84. Ke5 Bc1 85. Ne4 Bh6
86. Nd6+ Kb4 87. Nf5 Bd2 88. Ke4 Ka3 89. Kd3 Kb2 90. Nd4 Be1 91. Ne2 Bf2 92.
Nxc3 Bxg3 93. Nd5 Be5 94. Ke4 h4 95. Ne3 g3 96. Kf3 Kc3 97. Kg2 Kd2 1/2-1/2

[Event "69th ch-RUS HL 2016"]
[Site "Kolomna RUS"]
[Date "2016.06.29"]
[Round "7.12"]
[White "Eliseev, Urii"]
[Black "Gavrilov, Alexei1"]
[Result "1-0"]
[WhiteTitle "GM"]
[BlackTitle "GM"]
[WhiteElo "2602"]
[BlackElo "2466"]
[WhiteFideId "24131920"]
[BlackFideId "4104358"]
[EventDate "2016.06.22"]

1. e4 e5 2. Nf3 Nc6 3. d4 exd4 4. Nxd4 Bc5 5. Nb3 Bb6 6. Nc3 d6 7. Qe2 Nge7 8.
Be3 O-O 9. O-O-O f5 10. exf5 Nxf5 11. Bxb6 axb6 12. g3 Re8 13. Qd2 Ne5 14. f4
Ng4 15. Bc4+ Kh8 16. Rde1 Bd7 17. Rxe8+ Bxe8 18. Qe2 Bc6 19. Re1 Nge3 20. Bd3
Qf8 21. Nb5 Qf7 22. N3d4 g6 23. Nxc6 bxc6 24. Nc3 Nd5 25. Nxd5 cxd5 26. a3 Rf8
27. c3 Kg7 28. g4 Nh6 29. f5 gxf5 30. gxf5 Ng8 31. Qg4+ Kh8 32. Qd4+ Nf6 33. Re6
Qg7 34. Kb1 Rf7 35. Bc2 Qg4 36. Qe3 Qg2 37. Re7 Qg7 38. Rxf7 Qxf7 39. a4 c5 40.
b4 d4 41. Qe6 Kg7 42. Qxf7+ Kxf7 43. a5 bxa5 44. bxa5 dxc3 45. Ba4 Ke7 46. Bc6
d5 47. a6 d4 48. a7 d3 49. a8=Q c2+ 50. Kb2 c4 51. Qa3+ 1-0

[Event "69th ch-RUS HL 2016"]
[Site "Kolomna RUS"]
[Date "2016.06.29"]
[Round "7.13"]
[White "Alekseenko, Kirill"]
[Black "Gordievsky, Dmitry"]
[Result "1-0"]
[WhiteTitle "GM"]
[BlackTitle "IM"]
[WhiteElo "2576"]
[BlackElo "2523"]
[WhiteFideId "4135539"]
[BlackFideId "24112798"]
[EventDate "2016.06.22"]

1. e4 c5 2. Nf3 d6 3. d4 cxd4 4. Nxd4 Nf6 5. Nc3 a6 6. Nb3 e5 7. Bg5 Be6 8. Bxf6
Qxf6 9. Nd5 Qd8 10. Be2 g6 11. Qd2 Nc6 12. Rd1 Rc8 13. c3 h5 14. O-O Bh6 15. Qd3
O-O 16. Rfe1 Kh7 17. Bf3 Qg5 18. Nd2 Ne7 19. Ne3 Rcd8 20. a4 f5 21. exf5 gxf5
22. Bxb7 a5 23. g3 Qg7 24. Ng2 Ng6 25. Bd5 e4 26. Nxe4 Bxd5 27. Qxd5 fxe4 28.
Rxe4 Rb8 29. Re2 h4 30. Rd4 h3 31. Nh4 Rbe8 32. Rde4 Rxe4 33. Qxe4 Rf4 34. gxf4 1-0

[Event "69th ch-RUS HL 2016"]
[Site "Kolomna RUS"]
[Date "2016.06.29"]
[Round "7.14"]
[White "Moiseenko, Vadim"]
[Black "Grachev, Boris"]
[Result "1/2-1/2"]
[WhiteTitle "IM"]
[BlackTitle "GM"]
[WhiteElo "2497"]
[BlackElo "2639"]
[WhiteFideId "4123700"]
[BlackFideId "4129199"]
[EventDate "2016.06.22"]

1. e4 c5 2. Nf3 e6 3. c4 Nc6 4. Be2 Nge7 5. d4 Nxd4 6. Nxd4 cxd4 7. Qxd4 Nc6 8.
Qe3 b6 9. O-O Bc5 10. Qg3 O-O 11. Nc3 f6 12. Be3 Qe7 13. Rad1 Rd8 14. a3 Bb7 15.
b4 Bxe3 16. Qxe3 Ne5 17. f4 Nf7 18. e5 fxe5 19. fxe5 Bc6 20. Rd4 Rf8 21. Rg4 d6
22. exd6 Nxd6 23. Qe5 Rxf1+ 24. Bxf1 Nf5 25. Bd3 Rf8 26. Ne2 Qf6 27. Qxf6 Rxf6
28. Nd4 h5 29. Nxf5 exf5 30. Rg5 f4 31. Rxh5 f3 32. b5 Bb7 33. c5 bxc5 34. g3
Rd6 35. Bc4+ Kf8 36. Rxc5 Rd2 37. Rc7 Be4 38. Rxa7 Rg2+ 39. Kf1 Rc2 40. Rf7+ Ke8
41. Rc7 Rxc4 42. Rxc4 Bd3+ 43. Kf2 Bxc4 44. a4 Bd5 45. h4 Kd7 46. g4 Kd6 47. h5
Ke5 48. g5 Kf5 49. h6 gxh6 50. gxh6 Kg6 51. a5 Kxh6 52. a6 Bc4 53. Kxf3 Bxb5 54.
Kf4 Bxa6 55. Ke4 1/2-1/2

[Event "69th ch-RUS HL 2016"]
[Site "Kolomna RUS"]
[Date "2016.06.29"]
[Round "7.15"]
[White "Novikov, Maxim"]
[Black "Kobalia, Mikhail"]
[Result "0-1"]
[WhiteTitle "GM"]
[BlackTitle "GM"]
[WhiteElo "2513"]
[BlackElo "2638"]
[WhiteFideId "4161289"]
[BlackFideId "4119150"]
[EventDate "2016.06.22"]

1. e4 c5 2. Nf3 e6 3. c4 Nc6 4. Nc3 Nge7 5. d4 Nxd4 6. Nxd4 cxd4 7. Qxd4 Nc6 8.
Qd1 Bc5 9. Be2 O-O 10. O-O Qh4 11. Qd3 d6 12. Be3 e5 13. Nb5 Rd8 14. a3 a5 15.
Rad1 Be6 16. Rd2 a4 17. Qc2 b6 18. Nc3 Bd7 19. Nb5 Be6 20. Nc3 Bd7 21. g3 Qh3
22. Nb5 f5 23. exf5 Bxf5 24. Bd3 Rf8 25. Bxf5 Rxf5 26. Qe4 Bxe3 27. Qxe3 Rf6 28.
Qe4 Qd7 29. Rfd1 Rc8 30. Rxd6 Qf5 31. Qd5+ Kf8 32. Rxf6+ Qxf6 33. Nd6 Ne7 34.
Qb7 Rd8 35. Qxb6 Nc8 36. Qb4 Rxd6 37. Qxa4 Qf3 38. Re1 Ne7 39. Qb4 Rf6 40. Qb8+
Kf7 41. Qxe5 Qxf2+ 42. Kh1 Qf3+ 43. Kg1 Qb7 44. b4 Qd7 45. c5 Nf5 46. Qe4 h5 47.
b5 Qxb5 0-1